000 00676nam a22002177a 4500
005 20240530110855.0
008 210930q202? ua g 000 f ara d
017 _bمصر. دار الكتب
020 _a9789778321067
040 _aEG-CaGPL
_cEG-CaGPL
082 0 4 _221
_a813.03/
_bم ت
100 0 _aمنى سالم
245 1 0 _aتوأم روحى :
_bرواية /
_cمنى سالم
260 _aالاسكندرية :
_bماهى للنشر والتوزيع،
_c[202-].
300 _a78 ص. ؛
_c19سم.
650 0 7 _2qrmak
_aالادب العربى
650 0 7 _2qrmak
_aالقصص العربية
651 _2qrmak
942 _2ddc
_cBK
999 _c66013
_d66013